Hamilton Lyrics Sort #30 - Cabinet Battle #2 - Statistics

General Stats
  • This quiz has been taken 11 times
  • The average score is 42 of 59
Answer Stats
Hint Answer % Correct
Line 1 The issue on the table, France is on the verge of war with England
100%
Line 30 A game of chess, where France is Queen and Kingless
80%
Line 2 And do we provide aid and troops to our French allies
80%
Line 17 And he'd rather not have this debate
80%
Line 14 And revolution is messy, but now is the time to stand
80%
Line 13 And stand with them as they fought against oppressors
80%
Line 35 Enough, enough, Hamilton is right (Mr. President)
80%
Line 22 Everything he does betrays the ideals of our nation
80%
Line 19 He knows nothing of loyalty (nothing)
80%
Line 23 Hey, and if ya don't know, now ya know, Mr. President
80%
Line 16 I know that Alexander Hamilton is here
80%
Line 18 I'll remind you that he is not Secretary of State
80%
Line 11 In return, they didn't ask for land
80%
Line 29 Of meddling in the middle of a military mess
80%
Line 12 Only a promise that we'd lend a hand
80%
Line 3 Or do we stay out of it?
80%
Line 25 Secretary Hamilton, your response
80%
Line 6 Secretary Jefferson, you have the floor, sir
80%
Line 33 "Should we honor our treaty, King Louis' head?"
80%
Line 20 Smells like new money, dresses like fake royalty
80%
Line 15 Stand with our brothers as they fight against tyranny
80%
Line 24 Thank you, Secretary Jefferson
80%
Line 28 The President is gonna bring the nation to the brink
80%
Line 34 "Uh, do whatever you want, I'm super dead!"
80%
Line 10 Uh. who provided those funds? (France)
80%
Line 8 We made a promise, we signed a treaty
80%
Line 9 We needed money and guns and half a chance
80%
Line 36 We're to fragile to start another fight
80%
Line 31 We signed a treaty with a King whose head is now in a basket
80%
Line 7 When we were on death's door, when we were needy
80%
Line 32 Would you like to take it out and ask it?
80%
Line 27 You must be out of your God-damn mind if you think
80%
Line 53 Alas, I admit it
60%
Line 49 And before he was your friend, he was mine
60%
Line 37 But sir, do we not fight for freedom?
60%
Line 59 Daddy's calling
60%
Line 21 Desperate to rise above his station
60%
Line 44 Did you forget Lafayette? (What?)
60%
Line 58 (Hamilton)
60%
Line 43 Hamilton (sir) draft a statement of neutrality
60%
Line 45 Have you an ounce of regret?
60%
Line 54 I bet you were quite a lawyer
60%
Line 50 If we try to fight in every revolution in the world, we never stop
60%
Line 48 Lafayette's a smart man, he'll be fine
60%
Line 55 My defendants got acquitted
60%
Line 4 Remember, my decision on this matter is not subject to Congressional approval
60%
Line 52 So quick-witted
60%
Line 38 Sure, when the French figure out who's gonna lead 'em
60%
Line 5 The only person you have to convince is em
60%
Line 39 The people are leading
60%
Line 40 The people are rioting
60%
Line 41 There's a difference, frankly, it's a little disquieting
60%
Line 51 Where do we draw the line?
60%
Line 56 Yeah, well, someone oughta remind you (what?)
60%
Line 47 Yet in their hour of need, you forget
60%
Line 46 You accumulate debt, you accumulate power
60%
Line 57 You're nothing without Washington behind you
60%
Line 42 You would let your ideals blind you to reality
60%
Line 26 (Come on) (Let's go)
40%
No matching quizzes found
Score Distribution
Percent of People with Each Score
Percentile by Number Answered
Your Score History
You have not taken this quiz